1142 1137 1704 1259 1338 1828 1267 1957 1493 1213 1980 1884 1583 1043 1071 1787 1306 1465 1836 1131 1945 1751 1467 1125 1057 1460 1533 1838 1368 1759 1186 1653 1469 1502 1842 1478 1593 2000 1935 1020 1463 1029 1826 1110 1748 1634 1414 1427 1404 1187 1563 1032 1893 1216 1156 1821 1718 1615 1717 1737 1595 1399 1657 1893 1756 1306 1745 1475 1370 1465 1929 1145 1135 1189 1486 1317 1296 1090 1542 1012 1062 1617 1657 1444 1784 1552 1195 1359 1457 1183 1473 1024 1215 1722 1097 1056 1052 1967 1765 BCNSPRNW ULIB Ver.6.0+V

เปลี่ยนเป็นภาษาไทย

Change to English
 แสดงรายละเอียดบรรณานุกรม
  กลับหน้าหลัก

Brief Record : Get Marc (ISO 2709) : E-mail record : QR code < ปิดหน้าต่าง
LEADER : 00000nam 2200000uu 4500
001    13399123758
003     ULIB
008    141125s2557||||th 000 0 tha d
020    ^a9786163486189
060  4 ^aWY18.2^bช358จ
100 0  ^aชัชวาล วงค์สารี
245 10 ^aจุดเน้นการสอบทางการพยาบาลและการผดุงครรภ์/^cชัชวาล วงค์สารี
250    ^aพิมพ์ครั้งที่ 1
260    ^aกรุงเทพฯ:^bเอ็น พี เพรส,^c2557.
300    ^a426หน้า ;^c26 ซม.
650  4 ^aการพยาบาลและการผดุงครรภ์^xการสอบ
650  4 ^aการพยาบาล^xแนวข้อสอบ
650  4 ^aพยาบาลศาสตร์^xข้อสอบ
945    ^p400^l0^i21946
945    ^p400^l0^i21947
945    ^p400^l0^i21948
945    ^p400^l0^i21949
945    ^p400^l0^i21950
999    ^aทศพร เกษรทอง
รายการนี้ยังไม่มีแท็ก
คุณยังไม่ได้ล็อกอิน คุณสามารถมีกิจกรรมร่วมกับเว็บไซต์ได้ แต่ต้องล็อกอินก่อน ::
  ล็อกอิน

รายการสื่อสารสนเทศ

ลำดับที่ ประเภท เลขเรียก/บาร์โค้ด สถานที่ สถานะ
1. Book การพยาบาล
หนังสือสำรอง
สถานะ=หนังสือสำรอง
WY18.2 ช358จ ฉ.1 
  Barcode: 21946
ห้องสมุดวิทยาเขตนครสวรรค์
►หนังสือทั่วไป:l:General Books
บนชั้น
2. Book การพยาบาล
Book การพยาบาล
WY18.2 ช358จ ฉ.2 
  Barcode: 21947
ห้องสมุดวิทยาเขตนครสวรรค์
►หนังสือทั่วไป:l:General Books
บนชั้น
3. Book การพยาบาล
Book การพยาบาล
WY18.2 ช358จ ฉ.3 
  Barcode: 21948
ห้องสมุดวิทยาเขตนครสวรรค์
►หนังสือทั่วไป:l:General Books
บนชั้น
4. Book การพยาบาล
Book การพยาบาล
WY18.2 ช358จ ฉ.4 
  Barcode: 21949
ห้องสมุดวิทยาเขตนครสวรรค์
►หนังสือทั่วไป:l:General Books
บนชั้น
5. Book การพยาบาล
Book การพยาบาล
WY18.2 ช358จ ฉ.5 
  Barcode: 21950
ห้องสมุดวิทยาเขตนครสวรรค์
►หนังสือทั่วไป:l:General Books
บนชั้น

รายการใกล้เคียง
    ผู้แต่ง [ชัชวาล วงค์สารี]

BibComment


ยังไม่เคยถูกคอมเมนท์

คอมเมนท์ทรัพยากรรายการนี้
  คอมเมนท์: จุดเน้นการสอบทาง..


 Copyright 2026. Bcnsprnw @Library